000 00905nam a2200265 a 4500
001 80588
003 BD-RjUL
005 20221023104906.0
008 220102s1890 enk 000 0 eng d
035 _a(BD-RjUL)80588
040 _aViAlTh
_cViAlTh
_dNN
_dCStRLIN
_dBD-RjUL
_beng
041 _aeng
082 _223
_a501
_bMOE 1890
100 1 _aMoore, Aubrey L.
_q(Aubrey Lackington),
_d1848-1890.
_95402
245 1 0 _aEssays scientific and philosophical /
_cby Aubrey L. Moore. With memoirs of the author.
260 _aLondon :
_bKegan Paul, Trench, Trübner,
_c1890.
300 _axxxvi, 268 p. ;
_c20 cm.
500 _aCompanion volume to "Science and the Faith."--Pref.
500 _aIncludes memoirs by Rev. E. S. Talbot, G. J. Romanes, and Rev. W. Lock.
650 0 _aEvolution
_92137
650 0 _aPhilosophy
650 0 _aReligion
650 0 _aReligion and science.
_95403
942 _2ddc
_cBK
999 _c80588
_d80588